[Event "Goldener Springer 2019"]
[Site "Frankfurt-Griesheim"]
[Date "2019.??.??"]
[Round "3"]
[White "Gries, Volker"]
[Black "Schellen, Sven"]
[Result "1-0"]
[WhiteElo "2069"]
[BlackElo "1858"]
[PlyCount "31"]
[EventDate "2019.??.??"]
[WhiteTeam "SV Oberursel"]
[BlackTeam "SF Frankfurt"]

1. e4 e5 2. Nf3 Nc6 3. d4 exd4 4. Bc4 Nf6 5. O-O Nxe4 6. Re1 d5 7. Bxd5 Qxd5 8.
Nc3 Qd8 9. Rxe4+ Be7 10. Nxd4 Bd7 11. Nd5 Be6 12. Nxe6 fxe6 13. Rxe6 O-O 14.
Nxe7+ Nxe7 15. Qxd8 Raxd8 16. Bg5 1-0

[Event "Goldener Springer 2019"]
[Site "Frankfurt-Griesheim"]
[Date "2019.??.??"]
[Round "3"]
[White "Pham, Phuong Bao"]
[Black "Meyer, Marcel"]
[Result "1-0"]
[WhiteElo "1806"]
[BlackElo "1866"]
[PlyCount "51"]
[EventDate "2019.??.??"]
[WhiteTeam "Frankfurter TV"]
[BlackTeam "SC Herborn"]

1. e4 c6 2. d4 d5 3. e5 Bf5 4. Nf3 e6 5. Be2 c5 6. Be3 Qb6 7. Nc3 Nd7 8. O-O
Qc7 9. Nh4 Bg6 10. f4 Nh6 11. g4 Be7 12. Nb5 Qd8 13. f5 Bxh4 14. fxg6 f5 15.
Nd6+ Ke7 16. Bxh6 gxh6 17. gxf5 hxg6 18. fxg6 Rf8 19. c3 Qb6 20. g7 Rg8 21.
Rf7+ Kd8 22. Qa4 Be7 23. Raf1 cxd4 24. Rxe7 dxc3+ 25. Kh1 Nc5 26. Re8+ 1-0

[Event "Goldener Springer 2019"]
[Site "Frankfurt-Griesheim"]
[Date "2019.??.??"]
[Round "3"]
[White "Pessotschinski, Eduard"]
[Black "Varma, Christopher"]
[Result "0-1"]
[WhiteElo "1414"]
[BlackElo "1814"]
[PlyCount "98"]
[EventDate "2019.??.??"]
[WhiteTeam "TuS Makkabi"]
[BlackTeam "SV Oberursel"]

1. e4 e6 2. d4 d5 3. Nc3 Nf6 4. e5 Nfd7 5. Nf3 c5 6. Be3 Nc6 7. Bb5 Be7 8. O-O
O-O 9. Qd2 a6 10. Bxc6 bxc6 11. a3 cxd4 12. Bxd4 c5 13. Be3 d4 14. Nxd4 cxd4
15. Qxd4 Qc7 16. Bf4 Bb7 17. Rfd1 Rfd8 18. Qe3 Qc6 19. Qg3 Nf8 20. h4 Ng6 21.
Bg5 Bxg5 22. hxg5 Qc7 23. f4 Ne7 24. Rd3 Nf5 25. Qh3 Rxd3 26. cxd3 Rd8 27. Ne4
Bxe4 28. dxe4 Qb6+ 29. Kh2 Ne7 30. b4 Qf2 31. Qg4 Ng6 32. Qg3 Qxf4 33. Qxf4
Nxf4 34. a4 g6 35. b5 axb5 36. axb5 Rb8 37. Rb1 Nd3 38. Kg3 Kf8 39. Kf3 Nxe5+
40. Ke3 Rd8 41. Rb3 Nc4+ 42. Kf4 e5+ 43. Kg3 Rb8 44. Kf2 Nd6 45. Ke3 Rxb5 46.
Rd3 Ke7 47. Rd5 Nf5+ 48. Kd3 Rxd5+ 49. exd5 Kd6 0-1

[Event "Goldener Springer 2019"]
[Site "Frankfurt-Griesheim"]
[Date "2019.??.??"]
[Round "3"]
[White "Kuhn, Gerhard"]
[Black "Keuth, Gerd Erich"]
[Result "1-0"]
[WhiteElo "1948"]
[BlackElo "2016"]
[PlyCount "147"]
[EventDate "2019.??.??"]
[WhiteTeam "SK Marburg"]
[BlackTeam "SC Herborn"]

1. e4 c6 2. d4 d5 3. Nd2 dxe4 4. Nxe4 Nf6 5. Nxf6+ gxf6 6. c3 Bf5 7. Nf3 e6 8.
g3 Qd5 9. Bg2 Qe4+ 10. Be3 Qc2 11. Qxc2 Bxc2 12. O-O Nd7 13. Nd2 h5 14. h4
O-O-O 15. Rac1 Bd3 16. Rfe1 Bd6 17. Ne4 Bc7 18. Red1 Bxe4 19. Bxe4 Kb8 20. c4
f5 21. Bf3 Rdg8 22. Kf1 Nf6 23. d5 Ng4 24. Bxg4 Rxg4 25. dxc6 f4 26. gxf4 bxc6
27. Rd7 Rxh4 28. Rxf7 Rh1+ 29. Kg2 Rxc1 30. Bxc1 Rg8+ 31. Kf3 h4 32. Rh7 Bd8
33. Be3 a6 34. Ke4 Bf6 35. Bd4 Bd8 36. Ke5 Bc7+ 37. Kxe6 Re8+ 38. Kf5 Rf8+ 39.
Ke4 Rxf4+ 40. Ke3 Rg4 41. b3 a5 42. Bf6 Rg1 43. Rxh4 Rg6 44. Bd4 Re6+ 45. Kd3
Rd6 46. c5 Rd7 47. Re4 Kb7 48. Kc4 Rf7 49. Rg4 Rf3 50. Rg7 Kb8 51. Rg8+ Kb7 52.
Re8 Ka7 53. Re2 Kb7 54. Be3 Ka7 55. Kd3 Ka6 56. Ke4 Rf6 57. f4 Kb5 58. f5 Rf8
59. Bd4 Bd8 60. Rf2 Kb4 61. f6 Rf7 62. Kf5 Rd7 63. Ke5 Bc7+ 64. Ke4 Rf7 65. Kf5
Rd7 66. Rd2 Rd8 67. f7 Rd5+ 68. Ke6 Bf4 69. Rd3 Bh6 70. Bc3+ Kxc5 71. Rxd5+
cxd5 72. Bxa5 d4 73. Ke7 Kb5 74. Be1 1-0

[Event "Goldener Springer 2019"]
[Site "Frankfurt-Griesheim"]
[Date "2019.??.??"]
[Round "3"]
[White "Strache, Rolf"]
[Black "Eckert, Michael"]
[Result "1-0"]
[WhiteElo "1536"]
[BlackElo "1536"]
[Annotator "Lotz,Kolja Alecsander"]
[PlyCount "65"]
[EventDate "2019.??.??"]
[WhiteTeam "SK Herborn"]
[BlackTeam "SK Herborn"]

1. d4 d5 2. c4 e6 3. Nc3 Nf6 4. Bg5 Be7 5. e3 O-O 6. Nf3 b6 7. Bd3 Bb7 8. cxd5
exd5 9. O-O Nbd7 10. Rc1 Rc8 11. Bb1 c5 12. Re1 Ne4 13. Bxe7 Qxe7 14. Ne2 f5
15. Nf4 Qd6 16. Qe2 Rfe8 17. a3 g6 18. h4 Ndf6 19. Red1 Ng4 20. Nh3 cxd4 21.
Rxc8 Rxc8 22. exd4 Re8 23. g3 Re7 24. Re1 h6 25. Qb5 Bc6 26. Qb3 Kg7 27. Rc1
Rc7 28. Qc2 Kf7 29. Ba2 Nxg3 30. fxg3 Qxg3+ 31. Qg2 Qd6 32. b4 Re7 33. Re1 {
Zeitüberschreitung} 1-0

[Event "Goldener Springer 2019"]
[Site "Frankfurt-Griesheim"]
[Date "2019.??.??"]
[Round "3"]
[White "Ostermeier, Thorsten"]
[Black "du Maire, Jerome"]
[Result "0-1"]
[WhiteElo "1976"]
[BlackElo "2148"]
[PlyCount "138"]
[EventDate "2019.??.??"]
[WhiteTeam "SF Frankfurt"]
[BlackTeam "Frankfurter TV"]

1. d4 d5 2. Nf3 Nf6 3. Bf4 c6 4. e3 Qb6 5. Qc1 Bf5 6. Be2 Nbd7 7. O-O h6 8. h3
e6 9. c4 dxc4 10. Nbd2 Nd5 11. Bh2 N7f6 12. Nxc4 Qd8 13. a3 a5 14. Nfe5 Be7 15.
Rd1 O-O 16. f3 Nb6 17. b3 Bh7 18. Qd2 Nc8 19. b4 axb4 20. axb4 Rxa1 21. Rxa1
Nd5 22. Ra8 Bxb4 23. Qb2 Qe7 24. Qb3 c5 25. e4 Nc3 26. Bf1 cxd4 27. Nd3 Bc5 28.
Kh1 b5 29. Nce5 Bb6 30. Ra6 Qb7 31. Ra1 Ne7 32. Nf4 Nc6 33. Nxe6 Rc8 34. Nxc6
Qxc6 35. Nf4 Bc7 36. Bd3 Ra8 37. Rc1 Qc5 38. Nd5 Bxh2 39. Kxh2 Qd6+ 40. Kg1
Nxd5 41. exd5 Bxd3 42. Qxd3 Qxd5 43. Rb1 Qc4 44. Qe4 Rd8 45. Qe7 Qd5 46. Rxb5
Qd7 47. Qxd7 Rxd7 48. Kf2 f6 49. Ke2 Kf7 50. Rb6 Kg6 51. Kd3 Kf5 52. g3 g5 53.
Rb5+ Ke6 54. g4 Rd5 55. Rb8 Ke5 56. Re8+ Kf4 57. Re6 f5 58. Rxh6 Kxf3 59. gxf5
Rxf5 60. Kxd4 Kf4 61. Rh5 Ra5 62. Kd3 Ra2 63. h4 g4 64. Rh8 g3 65. h5 g2 66.
Rg8 Ra3+ 67. Ke2 Rg3 68. Rf8+ Kg4 69. Rg8+ Kh3 0-1

[Event "Goldener Springer 2019"]
[Site "Frankfurt-Griesheim"]
[Date "2019.??.??"]
[Round "3"]
[White "Gerhard, Dominik"]
[Black "Calvi, Stefan"]
[Result "0-1"]
[WhiteElo "1785"]
[BlackElo "2007"]
[PlyCount "102"]
[EventDate "2019.??.??"]
[WhiteTeam "SV Oberursel"]
[BlackTeam "SF Frankfurt"]

1. e4 c5 2. Nc3 Nc6 3. Bb5 g6 4. Bxc6 dxc6 5. d3 Bg7 6. f4 Nf6 7. Nf3 O-O 8.
O-O Ne8 9. Qe1 Nc7 10. Qh4 e6 11. Qxd8 Rxd8 12. a4 b6 13. Bd2 a5 14. e5 c4 15.
dxc4 f5 16. Be3 c5 17. Rad1 Bb7 18. Ng5 h6 19. Rxd8+ Rxd8 20. Nb5 hxg5 21. Nxc7
Kf7 22. Nb5 gxf4 23. Bxf4 Bf8 24. Nd6+ Bxd6 25. exd6 Be4 26. Rf2 Kf6 27. h4 Rd7
28. Bg5+ Ke5 29. Rd2 f4 30. Kf2 Kf5 31. c3 e5 32. b4 axb4 33. cxb4 cxb4 34. Be7
b3 35. Rb2 Bd3 36. Rxb3 Bxc4 37. Rxb6 e4 38. Rb1 e3+ 39. Kg1 Kg4 40. Rc1 Be6
41. a5 Kg3 42. Rc3 Bd5 43. Rc2 Rb7 44. Kf1 Be4 45. Rc3 Bxg2+ 46. Ke2 Bf3+ 47.
Kd3 e2 48. Rc1 Bg4 49. a6 Rb3+ 50. Kd2 Rb2+ 51. Ke1 f3 0-1

[Event "Goldener Springer 2019"]
[Site "Frankfurt-Griesheim"]
[Date "2019.??.??"]
[Round "3"]
[White "Yaghi, Rita"]
[Black "John, Volkmar"]
[Result "1-0"]
[WhiteElo "1743"]
[BlackElo "1688"]
[PlyCount "75"]
[EventDate "2019.??.??"]
[WhiteTeam "SK Marburg"]
[BlackTeam "SC Herborn"]

1. e4 c6 2. d4 d5 3. Nc3 dxe4 4. Nxe4 Bf5 5. Ng3 Bg6 6. h4 h6 7. Bc4 e6 8. N1e2
Nf6 9. Nf4 Bh7 10. c3 Bd6 11. Ngh5 O-O 12. Rh3 Nbd7 13. Rg3 Nxh5 14. Qxh5 Nf6
15. Qxh6 Bg6 16. Rxg6 fxg6 17. Bxe6+ Rf7 18. Qxg6 Qe7 19. Qxf7+ Qxf7 20. Bxf7+
Kxf7 21. Nd3 Rh8 22. g3 Ne4 23. Kf1 g5 24. hxg5 Rh1+ 25. Ke2 Nxg5 26. b3 Ne4
27. Bb2 Rh2 28. Ke3 Nf6 29. Re1 Nd5+ 30. Kf3 Nf6 31. c4 Bc7 32. Ne5+ Kf8 33.
Ba3+ Kg8 34. Ng6 Rh7 35. Re7 Rxe7 36. Nxe7+ Kf7 37. Nf5 Bb8 38. Bd6 1-0

[Event "Goldener Springer 2019"]
[Site "Frankfurt-Griesheim"]
[Date "2019.??.??"]
[Round "3"]
[White "Urbach, Jens"]
[Black "Markosyan, Aleksandr"]
[Result "0-1"]
[WhiteElo "1508"]
[BlackElo "1578"]
[PlyCount "80"]
[EventDate "2019.??.??"]
[WhiteTeam "SF Frankfurt"]
[BlackTeam "SG Idstein"]

1. e4 c5 2. Nf3 g6 3. d4 cxd4 4. Nxd4 Nc6 5. Bc4 Bg7 6. Nxc6 bxc6 7. O-O Nf6 8.
Qf3 O-O 9. Nc3 Qc7 10. Re1 d6 11. h3 Rb8 12. Rb1 Be6 13. Bxe6 fxe6 14. Qe3 Nd7
15. Ne2 Ne5 16. b3 Nc4 17. Qd3 d5 18. exd5 exd5 19. Nd4 Qb6 20. Be3 Nxe3 21.
fxe3 Rf6 22. Rf1 Rbf8 23. Rxf6 Rxf6 24. Rf1 Rd6 25. Re1 e5 26. Ne2 Bh6 27. Ng3
Bf4 28. Kh2 Bh6 29. e4 d4 30. Qc4+ Kg7 31. Ne2 Rf6 32. Ng3 Bf4 33. Rf1 Qd8 34.
Qd3 Rf7 35. Kh1 Qf8 36. Ne2 Be3 37. Rxf7+ Qxf7 38. Qa6 Qf1+ 39. Kh2 Bf4+ 40.
Nxf4 Qxa6 0-1

[Event "Goldener Springer 2019"]
[Site "Frankfurt-Griesheim"]
[Date "2019.??.??"]
[Round "3"]
[White "Pessotschinski, Lars"]
[Black "Adamczyk, Matthias"]
[Result "0-1"]
[WhiteElo "1563"]
[BlackElo "2026"]
[PlyCount "72"]
[EventDate "2019.??.??"]
[WhiteTeam "TuS Makkabi"]
[BlackTeam "SC Weiterstadt"]

1. e4 c5 2. Nc3 e6 3. f4 d5 4. exd5 exd5 5. Bb5+ Nc6 6. Nf3 Bd6 7. Nxd5 Be6 8.
Qe2 Nge7 9. Nxe7 Qxe7 10. d3 O-O 11. O-O Rfe8 12. Re1 Qf6 13. Rb1 Bxf4 14. Bxf4
Qxf4 15. Ne5 Bxa2 16. Ra1 Bd5 17. Bxc6 Bxc6 18. Qe3 Qb4 19. Nxc6 Rxe3 20. Nxb4
Rxe1+ 21. Rxe1 cxb4 22. Re4 a5 23. Kf2 Kf8 24. Ke3 Rc8 25. Rc4 Rxc4 26. dxc4
Ke7 27. Kd4 Kd6 28. b3 f5 29. g3 b6 30. Kd3 Kc5 31. Ke3 a4 32. Kd2 a3 33. Kc1
Kd4 34. h3 Kc3 35. Kb1 Kd2 36. h4 h5 0-1

[Event "Goldener Springer 2019"]
[Site "Frankfurt-Griesheim"]
[Date "2019.??.??"]
[Round "4"]
[White "Shashkin, Igor"]
[Black "Zuyev, Igor"]
[Result "0-1"]
[WhiteElo "2077"]
[BlackElo "2441"]
[PlyCount "124"]
[EventDate "2019.??.??"]
[WhiteTeam "SV Oberursel"]
[BlackTeam "SC Heusenstamm"]

1. e4 c5 2. c3 g6 3. d4 cxd4 4. cxd4 d5 5. e5 Bg7 6. h3 e6 7. Nf3 Ne7 8. Nc3
Nbc6 9. Bd3 O-O 10. O-O f6 11. Re1 fxe5 12. dxe5 a6 13. Bg5 b5 14. Rc1 Bb7 15.
Bb1 Rc8 16. Qd2 Rxf3 17. gxf3 d4 18. Be4 dxc3 19. Qxd8+ Rxd8 20. Bxe7 Nxe7 21.
Bxb7 cxb2 22. Rb1 Rb8 23. Bxa6 Rb6 24. Rxb2 Rxa6 25. Rxb5 Rxa2 26. Re4 Ra7 27.
Kg2 Nd5 28. Kg3 Nc3 29. Rb8+ Kf7 30. Re1 Bh6 31. Rh8 Kg7 32. Re8 Bd2 33. Rf1
Ne2+ 34. Kh2 Bf4+ 35. Kh1 Nd4 36. Kg2 Bxe5 37. Re1 Bf4 38. R8xe6 Nxe6 39. Rxe6
Ra2 40. Re4 Bd6 41. Rc4 Kf6 42. f4 Rd2 43. h4 Kf5 44. Kg3 Rd3+ 45. f3 h6 46.
Ra4 Rd5 47. Rc4 Rd1 48. Ra4 Rg1+ 49. Kh2 Rb1 50. Kg3 Bb4 51. h5 gxh5 52. Ra2
Rg1+ 53. Kh2 Rb1 54. Rc2 Bd6 55. Kg2 h4 56. Ra2 Bxf4 57. Ra5+ Be5 58. Ra4 Rb2+
59. Kh1 h3 60. Rg4 h2 61. Rh4 Rb1+ 62. Kg2 Rg1+ 0-1

[Event "Goldener Springer 2019"]
[Site "Frankfurt-Griesheim"]
[Date "2019.??.??"]
[Round "4"]
[White "Henrich, David"]
[Black "Stock, Juergen"]
[Result "1/2-1/2"]
[WhiteElo "2178"]
[BlackElo "1942"]
[PlyCount "87"]
[EventDate "2019.??.??"]
[WhiteTeam "Frankfurter TV"]
[BlackTeam "Sfr. Kelkheim"]

1. c4 f5 2. Nc3 Nf6 3. g3 e6 4. Bg2 c6 5. e3 d5 6. b3 Bd6 7. Nge2 Qe7 8. Qc2
O-O 9. O-O a5 10. d3 Nbd7 11. Re1 Ne5 12. f4 Nf7 13. h3 dxc4 14. bxc4 e5 15.
Bd2 g5 16. Kh1 Nh5 17. Rg1 Qf6 18. Raf1 Qh6 19. Kh2 Kh8 20. d4 exf4 21. exf4
gxf4 22. Nxf4 Rg8 23. Nxh5 Qxh5 24. Bf4 Bd7 25. Qd2 Rg7 26. Bf3 Qg6 27. c5 Bxf4
28. gxf4 Qf6 29. Rxg7 Qxg7 30. Rg1 Qf6 31. d5 Rg8 32. Rxg8+ Kxg8 33. Ne2 cxd5
34. Bxd5 Bc6 35. Nc3 Bxd5 36. Nxd5 Qd8 37. Qd4 Kf8 38. a4 Qe8 39. Ne3 Qe4 40.
Qxe4 fxe4 41. Nc4 Nd8 42. Nxa5 Ke7 43. Kg3 Ke6 44. Nb3 1/2-1/2

[Event "Goldener Springer 2019"]
[Site "Frankfurt-Griesheim"]
[Date "2019.??.??"]
[Round "4"]
[White "Stuhlmann, Florian"]
[Black "Rondonuwu, Grover"]
[Result "0-1"]
[WhiteElo "1851"]
[BlackElo "2086"]
[PlyCount "96"]
[EventDate "2019.??.??"]
[WhiteTeam "SC Lindenholzhausen"]
[BlackTeam "Frankfurter TV"]

1. d4 d5 2. c4 c6 3. Nc3 Nf6 4. cxd5 cxd5 5. Nf3 Nc6 6. Bf4 Bf5 7. e3 e6 8. Bd3
Bg6 9. O-O Bd6 10. Bxd6 Qxd6 11. Rc1 Rc8 12. a3 O-O 13. b4 Nd7 14. Nh4 Bxd3 15.
Qxd3 Nb6 16. Nf3 Nc4 17. Na4 Ne7 18. Ra1 Qc6 19. Nc5 b6 20. Nb3 Rc7 21. a4 Qd6
22. b5 Rfc8 23. Rfb1 f6 24. g3 Na3 25. Rc1 Nc2 26. Rab1 Qa3 27. Qd2 Qxa4 28.
Nc5 bxc5 29. Rxc2 cxd4 30. Rxc7 Rxc7 31. Nxd4 Kf7 32. h4 e5 33. Nc6 Ke6 34.
Nd8+ Kd7 35. Nc6 Ke6 36. Nd8+ Kd6 37. Qd3 Qc2 38. Qa3+ Kd7 39. Ra1 Kxd8 40. b6
axb6 41. Qd6+ Ke8 42. Qxb6 Kf7 43. Ra6 Rc6 44. Qb7 Qd1+ 45. Kg2 Rc1 46. Kh3
Qh1+ 47. Kg4 Qe4+ 48. f4 h5+ 0-1

[Event "Goldener Springer 2019"]
[Site "Frankfurt-Griesheim"]
[Date "2019.??.??"]
[Round "4.4"]
[White "Hahn, Florian"]
[Black "Poetsch, Hagen"]
[Result "0-1"]
[WhiteElo "2173"]
[BlackElo "2510"]
[PlyCount "96"]
[EventDate "2019.??.??"]
[WhiteTeam "SC Herborn"]
[BlackTeam "SC Heusenstamm"]

1. Nf3 Nf6 2. c4 b6 3. g3 Bb7 4. Bg2 g6 5. O-O Bg7 6. Nc3 O-O 7. Re1 c5 8. e4
Nc6 9. d3 d6 10. h3 Nd7 11. Be3 Nde5 12. Nh2 a6 13. f4 Nd7 14. Nf3 Nd4 15. Qd2
Bc6 16. Qf2 Nxf3+ 17. Bxf3 b5 18. cxb5 axb5 19. d4 cxd4 20. Bxd4 e5 21. Be3 b4
22. Nd5 Bxd5 23. exd5 f5 24. Bd1 exf4 25. gxf4 Qf6 26. Re2 Rfe8 27. Bb3 Qf7 28.
Rae1 Nf6 29. Bd4 Rxe2 30. Qxe2 Ne4 31. Qd3 Qe7 32. Rc1 Bxd4+ 33. Qxd4 Ng3 34.
Kh2 Nh5 35. Rc2 Re8 36. Ba4 Qe3 37. Qxe3 Rxe3 38. Rc6 Re2+ 39. Kg1 Rxb2 40. Bb3
Nxf4 41. Rxd6 Nxh3+ 42. Kf1 f4 43. Rd8+ Kg7 44. d6 f3 45. Rg8+ Kh6 46. Re8 Rh2
47. Ke1 f2+ 48. Ke2 Rh1 0-1

[Event "Goldener Springer 2019"]
[Site "Frankfurt-Griesheim"]
[Date "2019.??.??"]
[Round "4"]
[White "Hoehn, Michael"]
[Black "Rutsatz, Mario"]
[Result "1-0"]
[WhiteElo "2012"]
[BlackElo "2017"]
[PlyCount "102"]
[EventDate "2019.??.??"]
[WhiteTeam "VSG Offenbach"]
[BlackTeam "SF Frankfurt"]

1. Nf3 d5 2. b3 g6 3. Bb2 Nf6 4. g3 Bg7 5. Bg2 O-O 6. O-O c5 7. d3 Nc6 8. Nbd2
Bf5 9. Re1 Re8 10. Ne5 Nxe5 11. Bxe5 Qd7 12. e3 Bh3 13. Bh1 Qf5 14. f4 Rad8 15.
Qe2 Bg4 16. Bf3 Bxf3 17. Nxf3 Ng4 18. Bxg7 Kxg7 19. e4 dxe4 20. dxe4 Qh5 21. e5
Nh6 22. Rad1 Qg4 23. Rxd8 Rxd8 24. Ng5 Qxe2 25. Rxe2 Nf5 26. Kf2 Rd1 27. Nf3
Ra1 28. a4 c4 29. g4 Nh6 30. h3 Ng8 31. Rd2 Ra2 32. Ke3 h5 33. g5 cxb3 34. cxb3
Rxd2 35. Nxd2 Kf8 36. Ne4 e6 37. Nd6 Ne7 38. Nxb7 Nd5+ 39. Ke4 Nc3+ 40. Kf3 Ke7
41. Nd6 Nd5 42. Nc8+ Kd7 43. Nxa7 Kc7 44. Nb5+ Kc6 45. Nd6 Kc5 46. Nxf7 Kb4 47.
Nd8 Nc7 48. Ke4 Kxb3 49. a5 Kc4 50. a6 Nxa6 51. Nxe6 Nb8 1-0

[Event "Goldener Springer 2019"]
[Site "Frankfurt-Griesheim"]
[Date "2019.??.??"]
[Round "4"]
[White "Olesiak, Marcin"]
[Black "Pham, Phuong Bao"]
[Result "1/2-1/2"]
[WhiteElo "2033"]
[BlackElo "1806"]
[PlyCount "89"]
[EventDate "2019.??.??"]
[WhiteTeam "SV Oberursel"]
[BlackTeam "Frankfurter TV"]

1. e4 e5 2. Nf3 Nc6 3. Bc4 Nf6 4. d3 Bc5 5. c3 d6 6. Bb3 a6 7. Nbd2 O-O 8. Nf1
h6 9. Ng3 Re8 10. O-O d5 11. Qe2 Be6 12. Bc2 Bf8 13. h3 g6 14. Re1 Bg7 15. Nh2
Qd6 16. Ng4 Nxg4 17. hxg4 Qe7 18. exd5 Bxd5 19. Ne4 f6 20. Qf3 Be6 21. Be3 Rad8
22. Nc5 Bd5 23. Qh3 Nb8 24. d4 exd4 25. cxd4 Kh7 26. f4 b6 27. Nd3 Be4 28. Bf2
Qd7 29. Ne5 fxe5 30. Bxe4 exf4 31. d5 Bxb2 32. Rad1 Kg7 33. Re2 Bf6 34. Qf3 Be5
35. Rde1 Qd6 36. Rc1 Qf6 37. Qh3 Re7 38. Bh4 g5 39. Be1 Rde8 40. Qd3 Bd4+ 41.
Kh1 Be5 42. Bb4 Bd6 43. Bc3 Be5 44. Bb4 Bd6 45. Bc3 1/2-1/2

[Event "Goldener Springer 2019"]
[Site "Frankfurt-Griesheim"]
[Date "2019.??.??"]
[Round "4"]
[White "Nagelsdiek, Ralf"]
[Black "Kuhn, Gerhard"]
[Result "1-0"]
[WhiteElo "2021"]
[BlackElo "1948"]
[PlyCount "115"]
[EventDate "2019.??.??"]
[WhiteTeam "SK Bad Homburg"]
[BlackTeam "SK Marburg"]

1. Nf3 Nf6 2. c4 g6 3. d4 Bg7 4. Nc3 d5 5. Bg5 Ne4 6. Bh4 Nxc3 7. bxc3 c5 8. e3
cxd4 9. cxd4 Qa5+ 10. Qd2 Qxd2+ 11. Kxd2 e6 12. cxd5 exd5 13. Bd3 Nc6 14. Rhc1
Bf8 15. Rab1 Ba3 16. Rc2 O-O 17. Bb5 Bd7 18. Bxc6 Bxc6 19. Ne5 Ba4 20. Rc7 b6
21. Rc3 Bd6 22. Ng4 Rfc8 23. Nf6+ Kg7 24. Nxd5 Bd7 25. Bf6+ Kf8 26. Be5 Bxe5
27. dxe5 Rxc3 28. Nxc3 Bc6 29. e4 Re8 30. f4 f6 31. Rf1 fxe5 32. fxe5+ Kg7 33.
Rf6 Ba8 34. Rd6 Rxe5 35. Rd7+ Kh6 36. Ke3 a5 37. Kd4 Re6 38. g3 g5 39. e5 Kg6
40. Nd5 Re8 41. Nxb6 Bf3 42. Nd5 Rf8 43. e6 Bxd5 44. Kxd5 Rf2 45. Rf7 Rd2+ 46.
Kc6 Rxa2 47. Rf8 Re2 48. Kd7 Rd2+ 49. Ke8 Kg7 50. Rf5 Rxh2 51. e7 Rg2 52. Rxg5+
Kf6 53. Rxa5 Rc2 54. Kf8 Re2 55. Ra6+ Re6 56. Rxe6+ Kxe6 57. Kg7 h5 58. Kg6 1-0

[Event "Goldener Springer 2019"]
[Site "Frankfurt-Griesheim"]
[Date "2019.??.??"]
[Round "4"]
[White "Varma, Christopher"]
[Black "Gries, Volker"]
[Result "1/2-1/2"]
[WhiteElo "1814"]
[BlackElo "2069"]
[PlyCount "30"]
[EventDate "2019.??.??"]
[WhiteTeam "SV Oberursel"]
[BlackTeam "SV Oberursel"]

1. e4 d6 2. d4 Nf6 3. Nc3 g6 4. g3 Bg7 5. Bg2 O-O 6. Nge2 e5 7. O-O c6 8. a4
Nbd7 9. h3 Re8 10. Be3 Qe7 11. g4 Nf8 12. Ng3 Ne6 13. d5 cxd5 14. Nxd5 Nxd5 15.
Qxd5 Nf4 1/2-1/2

[Event "Goldener Springer 2019"]
[Site "Frankfurt-Griesheim"]
[Date "2019.??.??"]
[Round "4"]
[White "Weiland, Thomas"]
[Black "Klundt, Klaus"]
[Result "1/2-1/2"]
[WhiteElo "1800"]
[BlackElo "2309"]
[PlyCount "53"]
[EventDate "2019.??.??"]
[WhiteTeam "SV Oberursel"]
[BlackTeam "SC Heusenstamm"]

1. c4 Nf6 2. Nc3 g6 3. Nf3 Bg7 4. g3 O-O 5. Bg2 d6 6. d4 Nc6 7. O-O a6 8. Re1
Rb8 9. a4 Na5 10. b3 c5 11. e3 d5 12. cxd5 Nxd5 13. Nxd5 Qxd5 14. Rb1 Rd8 15.
Ba3 cxd4 16. Bxe7 Re8 17. Nxd4 Qe5 18. Ba3 Bd7 19. Nf3 Qe6 20. Nd4 Qf6 21. Qd2
Nc6 22. Nxc6 Bxc6 23. Bb2 Red8 24. Qe2 Qe6 25. Bxg7 Bxg2 26. Kxg2 Kxg7 27. Qb2+
1/2-1/2

[Event "Goldener Springer 2019"]
[Site "Frankfurt-Griesheim"]
[Date "2019.??.19"]
[Round "4"]
[White "Mehlen, Theodor"]
[Black "Bakiev, Diyor"]
[Result "0-1"]
[WhiteElo "1862"]
[BlackElo "1918"]
[PlyCount "108"]
[EventDate "2019.??.??"]
[WhiteTeam "SC Matt im Park"]
[BlackTeam "SV Ffm-Griesheim"]

1. e4 Nf6 2. e5 Nd5 3. d4 d6 4. Nf3 dxe5 5. Nxe5 c6 6. Be2 Bf5 7. a3 e6 8. O-O
Nd7 9. c4 N5f6 10. Nf3 Bd6 11. Nc3 O-O 12. Nh4 Bg6 13. Nxg6 hxg6 14. Bf3 Re8
15. g3 Bc7 16. Bg5 Nb6 17. b3 Qd7 18. Ne4 Nxe4 19. Bxe4 Bd8 20. Be3 Bf6 21. Ra2
Rad8 22. Rd2 Qe7 23. a4 Nc8 24. Bg2 Nd6 25. g4 Nc8 26. Qc2 Rd7 27. Rfd1 Red8
28. Rd3 Qe8 29. d5 cxd5 30. cxd5 e5 31. Rc3 e4 32. Rc4 Nd6 33. Rc7 Rxc7 34.
Qxc7 Be5 35. Qc2 Rc8 36. Qb1 Qd7 37. h3 f5 38. f4 exf3 39. Bxf3 Qf7 40. g5 Qe7
41. Bxa7 Qxg5+ 42. Kf1 Qg3 43. Bg2 Ne4 44. Bxe4 fxe4 45. Qxe4 Rf8+ 46. Ke2 Qh2+
47. Kd3 Qb2 48. Qc4 Rf3+ 49. Be3 Bf4 50. d6+ Kh7 51. Re1 Bxe3 52. Rxe3 Qb1+ 53.
Qc2 Rxe3+ 54. Kd2 Re2+ 0-1

[Event "Goldener Springer 2019"]
[Site "Frankfurt-Griesheim"]
[Date "2019.??.??"]
[Round "4"]
[White "du Maire, Jerome"]
[Black "Strache, Rolf"]
[Result "1-0"]
[WhiteElo "2148"]
[BlackElo "1536"]
[PlyCount "75"]
[EventDate "2019.??.??"]
[WhiteTeam "Frankfurter TV"]
[BlackTeam "SK Herborn"]

1. d4 d5 2. c4 e6 3. Nf3 Nf6 4. g3 c6 5. Bg2 Bb4+ 6. Bd2 Qa5 7. O-O dxc4 8. Ne5
O-O 9. Nxc4 Qb5 10. Qc2 Bxd2 11. Nbxd2 Rd8 12. Nb3 Qb4 13. Rfd1 Qe7 14. e4 Nbd7
15. e5 Nd5 16. Rac1 N7b6 17. Nd6 Rb8 18. Nc5 f6 19. Be4 f5 20. Bg2 Rf8 21. a3
h5 22. Qe2 g6 23. b4 Qg5 24. Nxc8 Rfxc8 25. Nxe6 Qe7 26. Nc5 Rf8 27. b5 Rbe8
28. a4 a5 29. bxa6 bxa6 30. a5 Nd7 31. Qxa6 Nxc5 32. Rxc5 Nb4 33. Qc4+ Nd5 34.
Rxc6 Kh8 35. Bxd5 Qg5 36. Bf7 Rxf7 37. Qxf7 Rb8 38. Rxg6 1-0

[Event "Goldener Springer 2019"]
[Site "Frankfurt-Griesheim"]
[Date "2019.??.??"]
[Round "4"]
[White "Keller, Peter"]
[Black "Hankel, Dennis"]
[Result "1/2-1/2"]
[WhiteElo "2193"]
[BlackElo "2118"]
[PlyCount "140"]
[EventDate "2019.??.??"]
[WhiteTeam "Frankfurter TV"]
[BlackTeam "SF Neuberg"]

1. e4 c6 2. d4 d5 3. e5 Bf5 4. Nf3 e6 5. Be2 c5 6. Be3 cxd4 7. Nxd4 Ne7 8. c4
dxc4 9. Nc3 a6 10. Qa4+ Nbc6 11. Bf3 Qa5 12. Nxf5 exf5 13. Qxa5 Nxa5 14. O-O-O
Nac6 15. Rhe1 g6 16. Bxc6+ bxc6 17. Bg5 Rd8 18. Rd6 Bg7 19. Bxe7 Kxe7 20. Rxc6
Bh6+ 21. Kb1 Bd2 22. Rc7+ Ke6 23. Rc6+ Ke7 24. Re2 Bxc3 25. bxc3 Rd5 26. Rc7+
Ke6 27. Rc6+ Kd7 28. Rxc4 Rb8+ 29. Kc2 Rdb5 30. Rd4+ Ke6 31. Rd6+ Ke7 32. Rxa6
Rb2+ 33. Kd3 Rxe2 34. Kxe2 Rb2+ 35. Ke3 Rc2 36. g3 f4+ 37. gxf4 Rxc3+ 38. Ke4
Rh3 39. f5 gxf5+ 40. Kf4 Rxh2 41. f3 h5 42. Kxf5 Rf2 43. f4 h4 44. a4 h3 45.
Rh6 Ra2 46. Rxh3 Rxa4 47. Rb3 Ra6 48. Rb7+ Ke8 49. Rc7 Rb6 50. Ra7 Rc6 51. Kg5
Rg6+ 52. Kf5 Rb6 53. Ra4 Ke7 54. Ra8 Rc6 55. Kg5 Rg6+ 56. Kf5 Rb6 57. Rg8 Ra6
58. Kg5 Ra5 59. Rb8 f6+ 60. Kg6 fxe5 61. Rb7+ Kf8 62. f5 Ra1 63. f6 Rg1+ 64.
Kf5 Ra1 65. Rb6 Kf7 66. Rb7+ Kf8 67. f7 e4 68. Kxe4 Rf1 69. Ke5 Rxf7 70. Rxf7+
Kxf7 1/2-1/2

[Event "Goldener Springer 2019"]
[Site "Frankfurt-Griesheim"]
[Date "2019.??.??"]
[Round "4"]
[White "Kolker, Vladislav"]
[Black "Pessotschinski, Eduard"]
[Result "1-0"]
[WhiteElo "2010"]
[BlackElo "1414"]
[PlyCount "49"]
[EventDate "2019.??.??"]
[WhiteTeam "SC Bad Nauheim"]
[BlackTeam "TuS Makkabi"]

1. e4 c5 2. Nf3 d6 3. d4 cxd4 4. Nxd4 Nf6 5. Nc3 g6 6. Be3 Bg7 7. f3 O-O 8. Qd2
Re8 9. g4 Nc6 10. O-O-O a6 11. h4 h5 12. gxh5 Nxh5 13. Rg1 Ne5 14. Be2 b5 15.
b3 Nf6 16. Bh6 Kh7 17. Bxg7 Kxg7 18. h5 Rh8 19. hxg6 Nxg6 20. f4 Kf8 21. e5 Nh5
22. Bxh5 Rxh5 23. e6 Qe8 24. f5 Ne5 25. Qg2 1-0